<?xml version="1.0" encoding="UTF-8"?>
<record
    xmlns:xsi="http://www.w3.org/2001/XMLSchema-instance"
    xsi:schemaLocation="http://www.loc.gov/MARC21/slim http://www.loc.gov/standards/marcxml/schema/MARC21slim.xsd"
    xmlns="http://www.loc.gov/MARC21/slim">

  <leader>00449nam a22001817a 4500</leader>
  <controlfield tag="003">LC</controlfield>
  <controlfield tag="005">20160316144023.0</controlfield>
  <controlfield tag="008">130914t        xxu||||| |||| 00| 0 eng d</controlfield>
  <datafield tag="020" ind1=" " ind2=" ">
    <subfield code="a">9780441317462</subfield>
  </datafield>
  <datafield tag="050" ind1=" " ind2=" ">
    <subfield code="a">PZ 1</subfield>
    <subfield code="b">.L745 1983</subfield>
  </datafield>
  <datafield tag="082" ind1=" " ind2=" ">
    <subfield code="a">FIC </subfield>
    <subfield code="b">L64h 1983</subfield>
  </datafield>
  <datafield tag="245" ind1=" " ind2=" ">
    <subfield code="a">Harpy's flight /</subfield>
    <subfield code="c">Megan Lindholm</subfield>
  </datafield>
  <datafield tag="260" ind1=" " ind2=" ">
    <subfield code="a">New York : </subfield>
    <subfield code="b">Ace Fantasy books, </subfield>
    <subfield code="c">1983</subfield>
  </datafield>
  <datafield tag="300" ind1=" " ind2=" ">
    <subfield code="a">202 p., </subfield>
    <subfield code="c">17 cm.  </subfield>
  </datafield>
  <datafield tag="562" ind1=" " ind2=" ">
    <subfield code="e">1</subfield>
  </datafield>
  <datafield tag="942" ind1=" " ind2=" ">
    <subfield code="2">lcc</subfield>
    <subfield code="c">BK</subfield>
  </datafield>
  <datafield tag="999" ind1=" " ind2=" ">
    <subfield code="c">11271</subfield>
    <subfield code="d">11271</subfield>
  </datafield>
  <datafield tag="952" ind1=" " ind2=" ">
    <subfield code="0">0</subfield>
    <subfield code="1">0</subfield>
    <subfield code="2">lcc</subfield>
    <subfield code="4">0</subfield>
    <subfield code="a">LUX</subfield>
    <subfield code="b">LUX</subfield>
    <subfield code="c">FIC</subfield>
    <subfield code="d">2013-09-14</subfield>
    <subfield code="l">0</subfield>
    <subfield code="o">PZ 1 .L745 1983</subfield>
    <subfield code="p">5066</subfield>
    <subfield code="r">2015-05-27 00:00:00</subfield>
    <subfield code="t">1</subfield>
    <subfield code="w">2013-09-14</subfield>
    <subfield code="y">BK</subfield>
  </datafield>
</record>
